| 000 | 00577nam a2200181Ia 4500 | ||
|---|---|---|---|
| 008 | 151018s9999 xx 000 0 und d | ||
| 082 |
_bRBASDV37451 _a920 |
||
| 100 | _aबाळ सामंत | ||
| 245 | _aशूरा मी वंदिले | ||
| 250 | _b1 | ||
| 260 |
_bपरचुरे प्रकाशन मुंबई _c2000 |
||
| 300 | _a172 | ||
| 600 | _aबाळ सामंत | ||
| 630 | _aशूरा मी वंदिले | ||
| 700 | _aबाळ सामंत | ||
| 730 | _aशूरा मी वंदिले | ||
| 942 | _cBOOK | ||
| 999 |
_c1036873 _d1036870 |
||